000 01512cam a2200289 4500
008 240105t2012 xxk 000 0 eng u
041 _aeng
110 2 _aRoyal Institution of Chartered Surveyors
_94900
245 0 0 _aConstruction clients and mediation:
_ba follow-up study of attitudes and experience
_h[electronic resource]
260 _aLondon,
_bRICS,
_c2012
300 _a26p.
490 0 _aRICS Research
520 _aThe principal aim then of this study was to explore construction participants’ [construction clients hereafter] awareness, attitudes and experiences relative to mediation, drawing upon quantitative and qualitative analyses of small and medium-sized contracting firms in Scotland. This was reflected in the main objectives of this research which were to evaluate the effectiveness of prevailing construction dispute resolution methods in Scotland; establish baseline information about the current extent of construction mediation activity in Scotland,
522 _aScotland
650 2 4 _aCONSTRUCTION
651 4 _aDISPUTE RESOLUTION
662 _aScotland
690 _aRICS
_96277
700 1 _aAgapiou, Andrew
700 1 _aClark, Bryan
700 1 _aEriksson, Clare
700 1 _aRowlands, James
700 1 _aJohal, Amanprit
700 1 _aFielder, Auriel
856 4 8 _uhttp://www.propertyresearchtrust.org/uploads/1/3/4/8/134819607/construction_clients_mediation_report.pdf
_zAvailable from the Property Research Trust
942 _n0
_2ddc
999 _c121765
_d121765